| 000 | 00786nam a22001695i 4500 | ||
|---|---|---|---|
| 001 | 155374 | ||
| 003 | ES-MaACL | ||
| 005 | 20230906210042.0 | ||
| 008 | 990405s1889 sp |||| | spa d | ||
| 040 |
_aCCPB | B _bspa _cCCPB | B |
||
| 100 | 1 |
_aHerrera y Fayos, Manuel. _9127928 |
|
| 245 | 1 | 3 |
_aLa torre Eiffel _b: reflexiones meteorológicas con motivo de un curioso fenómeno observado en ella por el autor : boceto de una teoría de los principales trastornos atomosféricos / _cpor Manuel Herrera y Fayos. |
| 260 |
_aBarcelona : _bRedacción y Administración de la "Crónica Científica", _c1889 ( _fImp. de Redondo y Xumetra) |
||
| 300 |
_a23 p. : _bil. ; _c26 cm. |
||
| 650 | 0 | 4 |
_aMetereología. _915019 |
| 852 |
_aES-MaACL _jT-514-F-1 _z-- Enc. hol. _z-- Enc. en un vol. facticio |
||
| 999 |
_c155374 _d155374 |
||